| 000 | 00441nam a22001577a 4500 | ||
|---|---|---|---|
| 005 | 20231127150147.0 | ||
| 008 | 231103b |||||||| |||| 00| 0 eng d | ||
| 082 |
_a658.3 _bSTU-H |
||
| 100 | _aStup, Richard E. | ||
| 245 | _aHuman Resource management organizational commitment and percived organizational support In dairy form bi | ||
| 260 | _c2006 | ||
| 300 | _a135 | ||
| 500 | _aInclude Reference | ||
| 650 | _aManagement | ||
| 999 |
_c34686 _d34686 |
||